Zákonitosti rozvoja kultúrnej úrovne

Gespeichert in:
Bibliographische Detailangaben
Weitere Verfasser: Karásek, Jozef
Format: Buch
Sprache:Slowakisch
Veröffentlicht: Bratislava Výskumný ústav kultúry 1982
Tags: Tag hinzufügen
Keine Tags, Fügen Sie das erste Tag hinzu!

MARC

LEADER 00000nam a2200000 4500
001 c111064
005 20221128071955.3
041 0 |a slo 
044 |a SK 
245 1 0 |a Zákonitosti rozvoja kultúrnej úrovne  |c Zostav. Jozef Karásek 
264 1 |a Bratislava  |b Výskumný ústav kultúry  |c 1982 
300 |a 203 s. 
700 1 |a Karásek, Jozef